| 000 | 01872cam a2200433 a 4500 | ||
|---|---|---|---|
| 001 | BK0007551457 | ||
| 003 | OCoLC | ||
| 005 | 20241220124911.0 | ||
| 008 | 071009s2008 nyua c b 000 0ceng | ||
| 010 | _a2007041606 | ||
| 020 |
_a9780375838026 : HRD _c$16.99 |
||
| 020 |
_a0375838023 : HRD _c$16.99 |
||
| 037 |
_bRandom House Childrens Books, Attn Order Entry 400 Hahn rd, Westminister, MD, USA, 21157 _nSAN 201-3975 |
||
| 040 |
_aDLC _cDLC _dBTCTA _dOCLCG _dASC _dTEF |
||
| 050 | 0 | 0 |
_aNC1305 _b.N63 2008 |
| 082 | 0 | 0 | _a741.5/973 |
| 082 | 0 | 0 |
_aB _222 |
| 082 | 0 | 0 |
_a741.5092/2 _222 |
| 092 | _a741.5973 | ||
| 092 | _a741.5092 | ||
| 092 | _aNOBLEMAN | ||
| 100 | 1 |
_aNobleman, Marc Tyler. _95844182 |
|
| 245 | 1 | 0 |
_aBoys of steel : _bthe creators of Superman / _cby Marc Tyler Nobleman ; illustrated by Ross MacDonald. |
| 250 | _a1st ed. | ||
| 260 |
_aNew York : _bA.A. Knopf, _cc2008. |
||
| 300 |
_a1 v. (unpaged) : _bcol. ill. ; _c29 cm. |
||
| 504 | _aIncludes bibliographical references. | ||
| 520 | _aJerry Siegel & Joe Shuster, two misfit teens in Cleveland, were more like Clark Kent than Superman. Both boys escaped into the worlds of science fiction and pulp magazine tales. In 1934, they created the superhero, but it was four years before they convinced a publisher to take a chance on their Man of Steel in a new format--the comic book. | ||
| 586 | 8 | _aA Junior Library Guild selection | |
| 600 | 1 | 0 |
_aSiegel, Jerry, _d1914-1996 _vJuvenile literature. _96206141 |
| 600 | 1 | 0 |
_aShuster, Joe _vJuvenile literature. _96206142 |
| 650 | 0 |
_aCartoonists _zUnited States _vBiography _vJuvenile literature. _96461635 |
|
| 600 | 1 | 1 |
_aSiegel, Jerry, _d1914-1996. _942994 |
| 600 | 1 | 1 |
_aShuster, Joe. _961950 |
| 650 | 1 |
_aCartoonists _zUnited States _vBiography. _95760616 |
|
| 700 | 1 |
_aMacDonald, Ross, _d1957- _eill. _96206144 |
|
| 942 |
_cBOOK _052 |
||
| 998 | _aa133263 | ||
| 999 |
_c68452 _d68452 |
||